| 000 | 00635nam a2200241 i 4500 | ||
|---|---|---|---|
| 001 | C2-0119785 | ||
| 003 | PPAK | ||
| 005 | 20180727112147.0 | ||
| 008 | 970806s1982 nyu |||| ||||| | eng d | ||
| 020 | _a0825300789 | ||
| 040 |
_aPPAK _beng _cPPAK _erda |
||
| 082 | 0 | 4 |
_a657.9142 _223 |
| 090 | 0 | 0 |
_a657.9142 _bPER _dG |
| 100 | 1 |
_aPerry, William E., _eauthor |
|
| 245 | 1 | 0 | _aWhat to ask your accountant |
| 264 | 1 |
_aNew York : _bBeaufort Books. , _c1982 |
|
| 300 |
_a231 pages ; _c21 cm |
||
| 336 |
_2rdacontent _atext |
||
| 337 |
_2rdamedia _aunmediated |
||
| 338 |
_2rdacarrier _avolume |
||
| 650 | 1 | 0 | _aAccounting |
| 942 |
_ddc _cB |
||
| 999 |
_c33335 _d33335 |
||